[Event "44th Ghent Open 2023"]
[Site "Ghent BEL"]
[Date "2023.07.11"]
[Round "1.1"]
[White "Laurent-Paoli, Pierre"]
[Black "Maerevoet, Sim"]
[Result "1/2-1/2"]
[WhiteTitle "IM"]
[BlackTitle "FM"]
[WhiteElo "2531"]
[BlackElo "2414"]
[WhiteFideId "26017962"]
[BlackFideId "241725"]
[EventDate "2023.07.11"]

1. e4 c5 2. Nf3 e6 3. d4 cxd4 4. Nxd4 Nf6 5. Nc3 Nc6 6. Be2 Qc7 7. Ndb5 Qb8 8.
f4 a6 9. e5 axb5 10. exf6 b4 11. fxg7 Bxg7 12. Nb5 O-O 13. O-O f5 14. Rf3 Ra5
15. c3 bxc3 16. bxc3 d5 17. Be3 Bd7 18. Bb6 Ra6 19. Bc5 Rf6 20. c4 Rg6 21. cxd5
exd5 22. Rb1 Rxa2 23. Qxd5+ Be6 24. Qd1 Kh8 25. Rf2 Bg8 26. Qd3 Qd8 27. Qxd8
Nxd8 28. Bd3 Rc6 29. Be3 Rxf2 30. Kxf2 Be6 31. Bd4 Bd7 32. Bxg7+ Kxg7 33. Nd4
Rc5 34. Rb6 Bc8 35. Ke3 Nc6 36. Nf3 Kf6 37. g3 Ke7 38. Rb1 Ra5 39. Rb2 Kf6 40.
Nd2 Ra1 41. Nc4 Ke7 42. Rb5 Ra2 43. Bxf5 Bxf5 44. Rxf5 Rxh2 45. Rb5 Nd8 46. g4
Kd7 47. Ne5+ Kc7 48. Nf3 Rh3 49. Kf2 Ne6 50. Rb4 Rh1 51. f5 Nc5 52. Kg2 Rd1 53.
Kg3 h6 54. Rb2 Rd6 55. Ne5 Ne4+ 56. Kf4 Ng5 57. Rc2+ Kd8 58. Rb2 Kc7 59. Nf3
Nxf3 60. Kxf3 Ra6 61. Kg3 Ra1 62. Rh2 Ra6 63. Kh4 b5 64. Rc2+ Kd6 65. Rc8 b4 66.
f6 Ke6 67. g5 hxg5+ 68. Kxg5 Ra1 69. Rc6+ Kf7 70. Rc7+ Kf8 71. Rc8+ 1/2-1/2

[Event "44th Ghent Open 2023"]
[Site "Ghent BEL"]
[Date "2023.07.11"]
[Round "1.2"]
[White "Miedema, David"]
[Black "Fernandez, Daniel Howard"]
[Result "0-1"]
[WhiteTitle "IM"]
[BlackTitle "GM"]
[WhiteElo "2375"]
[BlackElo "2518"]
[WhiteFideId "1018477"]
[BlackFideId "5801605"]
[EventDate "2023.07.11"]

1. d4 Nf6 2. c4 e6 3. Nf3 Bb4+ 4. Nbd2 a6 5. a3 Bxd2+ 6. Qxd2 b5 7. cxb5 axb5 8.
Qg5 O-O 9. Qxb5 Ba6 10. Qb3 d5 11. Qc2 c5 12. dxc5 Nc6 13. b4 Ne4 14. Bb2 Qb8
15. Rb1 Nxb4 16. axb4 Qxb4+ 17. Nd2 Rfc8 18. f3 Nxc5 19. Qd1 Bb5 20. Bxg7 Qf4
21. Rxb5 Kxg7 22. Kf2 Ra2 23. Rxc5 Rxc5 24. Nb3 Rc3 25. Qd4+ Qxd4+ 26. Nxd4 Rc4
27. Nb5 Rb2 28. Nd6 Rc6 29. Ne8+ Kg6 30. h4 f5 31. Rh3 Kf7 32. Rg3 Kxe8 33. Rg7
d4 0-1

[Event "44th Ghent Open 2023"]
[Site "Ghent BEL"]
[Date "2023.07.11"]
[Round "1.3"]
[White "Csonka, Balazs"]
[Black "De Waele, Warre"]
[Result "0-1"]
[WhiteTitle "IM"]
[BlackTitle "FM"]
[WhiteElo "2497"]
[BlackElo "2350"]
[WhiteFideId "742910"]
[BlackFideId "241156"]
[EventDate "2023.07.11"]

1. e4 e5 2. Nf3 Nc6 3. Bc4 Nf6 4. d3 Bc5 5. c3 d6 6. O-O a5 7. Re1 O-O 8. h3 Be6
9. Bb5 Ba7 10. Nbd2 Ne7 11. d4 Ng6 12. Ba4 Nh5 13. Nf1 Nhf4 14. Ng3 c6 15. Bc2
Qd7 16. Nf5 f6 17. N3h4 d5 18. exd5 cxd5 19. Bxf4 Nxf4 20. dxe5 fxe5 21. Rxe5
Bb8 22. Qd4 Bxe5 23. Qxe5 Ng6 24. Nxg6 hxg6 25. Nh4 Bf5 26. Bb3 Rfe8 27. Bxd5+
Kh7 28. Qd4 Rad8 29. Nxf5 Qxf5 30. c4 b5 31. Qh4+ Qh5 32. Qxh5+ gxh5 33. Bc6 Re2
34. Bxb5 Rxb2 35. a4 Rdd2 36. Rf1 h4 37. Bc6 Kh6 38. Be8 Rbc2 39. Bb5 Kg5 40.
Ba6 Ra2 41. Bb5 Rdc2 42. Bd7 Kf6 43. Bb5 g5 44. g3 hxg3 45. fxg3+ Ke5 46. Rf3
Ra1+ 47. Rf1 Ra3 0-1

[Event "44th Ghent Open 2023"]
[Site "Ghent BEL"]
[Date "2023.07.11"]
[Round "1.4"]
[White "Van der Stricht, Geert"]
[Black "Pijpers, Arthur"]
[Result "1/2-1/2"]
[WhiteTitle "IM"]
[BlackTitle "IM"]
[WhiteElo "2329"]
[BlackElo "2465"]
[WhiteFideId "201324"]
[BlackFideId "1019554"]
[EventDate "2023.07.11"]

1. d4 Nf6 2. c4 g6 3. Nc3 d5 4. cxd5 Nxd5 5. e4 Nxc3 6. bxc3 Bg7 7. Be3 c5 8.
Rc1 Qa5 9. Qd2 O-O 10. Nf3 Bg4 11. d5 b5 12. Bxc5 Rc8 13. Bd4 Bxf3 14. Bxg7 Bxg2
15. Bxg2 Kxg7 16. O-O Nd7 17. Bh3 Rc7 18. Qd4+ Kg8 19. c4 bxc4 20. Bxd7 Rxd7 21.
Rxc4 Qxa2 22. Rfc1 Qa6 23. Rc7 Qd6 24. Rc8+ Rd8 25. e5 Qd7 26. Rxa8 Rxa8 27. d6
exd6 28. exd6 Qf5 29. Rc5 Qb1+ 30. Kg2 Qb7+ 31. f3 Rd8 32. Rc7 Qa6 33. Qf6 Qe2+
34. Kg3 Qe1+ 35. Kg2 Qe2+ 36. Kg3 Qe1+ 37. Kg2 1/2-1/2

[Event "44th Ghent Open 2023"]
[Site "Ghent BEL"]
[Date "2023.07.11"]
[Round "1.5"]
[White "Hausrath, Daniel"]
[Black "Dauw, Sterre"]
[Result "1-0"]
[WhiteTitle "GM"]
[BlackTitle "FM"]
[WhiteElo "2442"]
[BlackElo "2244"]
[WhiteFideId "4617495"]
[BlackFideId "248886"]
[EventDate "2023.07.11"]

1. Nf3 Nf6 2. g3 g6 3. Bg2 Bg7 4. O-O O-O 5. d4 d6 6. Nc3 d5 7. Ne5 c6 8. a4 Bf5
9. a5 Na6 10. Bg5 Ne8 11. Bf4 Nd6 12. g4 Be6 13. e3 f6 14. Nd3 Bf7 15. Bg3 Re8
16. f4 Nc4 17. Qe1 e5 18. fxe5 fxe5 19. Qf2 Qd7 20. dxe5 Rf8 21. b3 Be6 22. Qe1
Nxe3 23. Qxe3 d4 24. Qd2 dxc3 25. Qxc3 Bxg4 26. Rae1 Rae8 27. Rxf8+ Rxf8 28. Nf2
Bf5 29. Ne4 Bxe4 30. Bxe4 Nc7 31. Qc4+ Ne6 32. a6 bxa6 33. Bxc6 Qe7 34. Bd5 Re8
35. Rd1 Bf8 36. Qxa6 Kh8 37. Bxe6 Qxe6 38. Qxe6 Rxe6 39. Rd8 Kg7 40. Rd7+ Kh6
41. Kg2 Rc6 42. c4 Rb6 43. Rd3 g5 44. Kf3 Kg6 45. Ke4 h5 46. Bf2 Rb7 47. c5 1-0

[Event "44th Ghent Open 2023"]
[Site "Ghent BEL"]
[Date "2023.07.11"]
[Round "1.6"]
[White "Grooten, Herman"]
[Black "Dgebuadze, Alexandre"]
[Result "1/2-1/2"]
[WhiteTitle "IM"]
[BlackTitle "GM"]
[WhiteElo "2241"]
[BlackElo "2433"]
[WhiteFideId "1000330"]
[BlackFideId "203882"]
[EventDate "2023.07.11"]

1. d4 e6 2. c4 Bb4+ 3. Nd2 b6 4. a3 Bxd2+ 5. Qxd2 Bb7 6. e3 d6 7. b4 Nd7 8. Bb2
e5 9. Ne2 a5 10. Rd1 axb4 11. axb4 Ngf6 12. Ng3 O-O 13. f3 Re8 14. Be2 Ra2 15.
Kf2 Qe7 16. Ra1 exd4 17. exd4 Rea8 18. Rxa2 Ra7 19. Ra3 Rxa3 20. Rf1 Ra2 21. Re1
Qf8 22. Bd3 d5 23. Nf5 g6 24. Ne7+ Kg7 25. c5 Ne4+ 26. Bxe4 Qxe7 27. Bb1 Qh4+
28. Ke2 Ra8 29. Kd1 Bc6 30. g3 Qf6 31. Qe2 Ba4+ 32. Kc1 Kg8 33. Bd3 Nf8 34. b5
c6 35. bxc6 Qxc6 36. Qe5 Nd7 37. Qd6 bxc5 38. Qxc6 Bxc6 39. dxc5 Nxc5 40. Bc2
Ne6 41. f4 Ba4 42. Bb1 Nc5 43. Bf6 Bd7 44. Re7 Rc8 45. Kd2 Kf8 46. Re3 Be6 47.
Rc3 Ke8 48. Ke3 Kd7 49. Kd4 Ne4 50. Rxc8 Kxc8 51. Bxe4 1/2-1/2

[Event "44th Ghent Open 2023"]
[Site "Ghent BEL"]
[Date "2023.07.11"]
[Round "1.7"]
[White "Gormally, Daniel W"]
[Black "Ruzhansky, Elias"]
[Result "1-0"]
[WhiteTitle "GM"]
[WhiteElo "2432"]
[BlackElo "2209"]
[WhiteFideId "406465"]
[BlackFideId "472824"]
[EventDate "2023.07.11"]

1. d4 d5 2. c4 e6 3. Nf3 Nf6 4. g3 dxc4 5. Bg2 Bb4+ 6. Nc3 Nbd7 7. O-O c6 8. Qc2
b5 9. a4 Bxc3 10. bxc3 O-O 11. Ng5 Bb7 12. Ba3 Re8 13. axb5 Qc7 14. bxc6 Bxc6
15. e4 h6 16. Nh3 Nb6 17. Bb4 e5 18. f3 Qd7 19. Qf2 Qc7 20. dxe5 Rxe5 21. Rfd1
Ree8 22. Nf4 Nfd7 23. Bd6 Qb7 24. Rdb1 Ne5 25. Ra5 f6 26. Bc5 Qc7 27. Rba1 g5
28. Nh5 Qf7 29. g4 Nbd7 30. Bd4 Reb8 31. h3 Nd3 32. Qg3 Rb2 33. Qd6 Bb5 34. Rxa7
Rxa7 35. Rxa7 Qf8 36. Qd5+ Qf7 37. Ra8+ Nf8 38. Nxf6+ 1-0

[Event "44th Ghent Open 2023"]
[Site "Ghent BEL"]
[Date "2023.07.12"]
[Round "2.1"]
[White "Fernandez, Daniel Howard"]
[Black "Gormally, Daniel W"]
[Result "1-0"]
[WhiteTitle "GM"]
[BlackTitle "GM"]
[WhiteElo "2518"]
[BlackElo "2432"]
[WhiteFideId "5801605"]
[BlackFideId "406465"]
[EventDate "2023.07.11"]

1. e4 c5 2. Nf3 d6 3. Bb5+ Bd7 4. a4 Nc6 5. O-O Nf6 6. Re1 e6 7. c3 a6 8. Bf1
Be7 9. h3 Rc8 10. d3 O-O 11. Nbd2 b5 12. g4 d5 13. Bg2 dxe4 14. dxe4 c4 15. axb5
axb5 16. Nf1 Qc7 17. g5 Nh5 18. e5 g6 19. Ne3 Rfd8 20. Ng4 Be8 21. Qe2 Rd3 22.
Nf6+ Nxf6 23. gxf6 Bf8 24. Qe4 b4 25. Bf1 Rxf3 26. Qxf3 Nxe5 27. Qg3 Bd6 28. Bf4
Nf3+ 29. Qxf3 Bxf4 30. Bg2 e5 31. cxb4 Rb8 32. Ra8 Kf8 33. b5 Bxb5 34. Qa3+ Kg8
35. Qa5 Qc8 36. Rxb8 Qxb8 37. Rd1 1-0

[Event "44th Ghent Open 2023"]
[Site "Ghent BEL"]
[Date "2023.07.12"]
[Round "2.2"]
[White "De Waele, Warre"]
[Black "Hausrath, Daniel"]
[Result "1/2-1/2"]
[WhiteTitle "FM"]
[BlackTitle "GM"]
[WhiteElo "2350"]
[BlackElo "2442"]
[WhiteFideId "241156"]
[BlackFideId "4617495"]
[EventDate "2023.07.11"]

1. d4 d5 2. c4 e6 3. Nf3 Nf6 4. Nc3 Be7 5. Bf4 O-O 6. e3 b6 7. Bd3 Bb7 8. O-O
Nbd7 9. cxd5 exd5 10. Ne5 Nxe5 11. dxe5 Ne4 12. Nxe4 dxe4 13. Bc4 Qc8 14. e6
fxe6 15. Qb3 Kf7 16. Rfd1 Rd8 17. Rxd8 Bxd8 18. Rd1 Be7 19. Be5 Bc6 20. Qc3 Bf6
21. Be2 Bd5 22. Bh5+ Ke7 23. f3 Qb7 24. fxe4 Bxe4 25. Qb4+ c5 26. Bd6+ Kd7 27.
Bxc5+ Bd5 28. e4 a5 29. Qxb6 Qxb6 30. Bxb6 Kc6 31. exd5+ Kxb6 32. dxe6 Rc8 33.
Rd2 Rc5 34. Bf3 a4 35. Kf2 Re5 36. Re2 Rxe2+ 37. Bxe2 Kc5 38. Bd1 Kd6 39. Bxa4
Kxe6 40. Bc2 h6 41. b3 Kd5 42. Ke2 Kd4 43. Bd3 Kc3 44. Bc4 Kb4 45. Kd3 Ka3 46.
b4 1/2-1/2

[Event "44th Ghent Open 2023"]
[Site "Ghent BEL"]
[Date "2023.07.12"]
[Round "2.3"]
[White "Dgebuadze, Alexandre"]
[Black "Laurent-Paoli, Pierre"]
[Result "1/2-1/2"]
[WhiteTitle "GM"]
[BlackTitle "IM"]
[WhiteElo "2433"]
[BlackElo "2531"]
[WhiteFideId "203882"]
[BlackFideId "26017962"]
[EventDate "2023.07.11"]

1. c4 e6 2. Nf3 Nf6 3. e3 d5 4. a3 Nbd7 5. Nc3 a6 6. b4 dxc4 7. Bxc4 b5 8. Be2
c5 9. bxc5 Bxc5 10. d4 Be7 11. Bd2 Bb7 12. O-O O-O 13. Qb1 Rc8 14. Rc1 e5 15.
Be1 exd4 16. Nxd4 Ne5 17. a4 b4 18. Na2 a5 19. Rxc8 Qxc8 20. Nc1 Be4 21. Qb2 Nc4
22. Bxc4 Qxc4 23. Ncb3 Qd5 24. f3 Bg6 25. e4 Nxe4 26. fxe4 Bxe4 27. Qe2 Bc5 28.
Bf2 Bxd4 29. Nxd4 Bxg2 30. Nf5 Qxf5 31. Kxg2 h6 32. Bg3 Rc8 33. Rf1 Qg6 34. Qf3
Rc2+ 35. Kh1 Ra2 36. Be5 Qe6 37. Qa8+ Kh7 38. Qe4+ Qg6 39. Qd5 Re2 40. Rg1 Rxe5 1/2-1/2

[Event "44th Ghent Open 2023"]
[Site "Ghent BEL"]
[Date "2023.07.12"]
[Round "2.5"]
[White "Maerevoet, Sim"]
[Black "Van der Stricht, Geert"]
[Result "1-0"]
[WhiteTitle "FM"]
[BlackTitle "IM"]
[WhiteElo "2414"]
[BlackElo "2329"]
[WhiteFideId "241725"]
[BlackFideId "201324"]
[EventDate "2023.07.11"]

1. c4 c6 2. Nf3 d5 3. g3 Nf6 4. Bg2 Bf5 5. Qb3 Qb6 6. d3 e6 7. Be3 dxc4 8. Qxc4
Qxb2 9. Bd4 Qb4+ 10. Nbd2 Qxc4 11. Nxc4 Bb4+ 12. Nfd2 Na6 13. Rb1 O-O 14. a3 Bc5
15. Bxf6 gxf6 16. Rxb7 Rfc8 17. O-O Bf8 18. Rc1 Nc5 19. Rbb1 e5 20. Na5 Bd7 21.
Rc4 Rab8 22. Rxb8 Rxb8 23. Bxc6 Bxc6 24. Nxc6 Rb2 25. Ne4 Nxe4 26. Rxe4 Bc5 27.
a4 Rb6 28. Na5 Bd4 29. e3 Bc3 30. Nc4 Rb4 31. Nd6 Rb1+ 32. Kg2 Rd1 33. Rc4 Rxd3
34. Rc8+ Kg7 35. Nf5+ Kg6 36. Ne7+ Kh5 37. Rg8 f5 38. Nxf5 1-0

[Event "44th Ghent Open 2023"]
[Site "Ghent BEL"]
[Date "2023.07.12"]
[Round "2.6"]
[White "Dauw, Sterre"]
[Black "Csonka, Balazs"]
[Result "0-1"]
[WhiteTitle "FM"]
[BlackTitle "IM"]
[WhiteElo "2244"]
[BlackElo "2497"]
[WhiteFideId "248886"]
[BlackFideId "742910"]
[EventDate "2023.07.11"]

1. e4 c5 2. Nf3 Nc6 3. d4 cxd4 4. Nxd4 Nf6 5. Nc3 d6 6. Nxc6 bxc6 7. g3 e5 8.
Bg2 Be7 9. O-O O-O 10. b3 Bg4 11. f3 Be6 12. f4 Qc7 13. Bb2 Rad8 14. Qe2 Rfe8
15. Na4 exf4 16. gxf4 d5 17. f5 Bc8 18. e5 Nd7 19. Rae1 Bf6 20. e6 Bxb2 21. e7
Be5 22. exd8=Q Bxh2+ 23. Kh1 Rxd8 24. c4 Bg3 25. Rd1 Nf6 26. Nc3 Be5 27. Qf3 Qa5
28. Rd3 Bxc3 29. Rxc3 Qxa2 30. cxd5 cxd5 31. Rfc1 Bd7 32. Rc7 h6 33. b4 a5 34.
bxa5 Qxa5 35. Qf4 Qa3 36. R1c3 Qa1+ 37. Rc1 Qa3 38. R1c3 Qb2 39. Kh2 Qe2 40. Rf3
Re8 41. Qd6 Ng4+ 42. Kh1 Qe1+ 0-1

[Event "44th Ghent Open 2023"]
[Site "Ghent BEL"]
[Date "2023.07.12"]
[Round "2.7"]
[White "Ruzhansky, Elias"]
[Black "Miedema, David"]
[Result "1-0"]
[BlackTitle "IM"]
[WhiteElo "2209"]
[BlackElo "2375"]
[WhiteFideId "472824"]
[BlackFideId "1018477"]
[EventDate "2023.07.11"]

1. e4 e6 2. d4 d5 3. Nc3 Bb4 4. e5 Ne7 5. a3 Bxc3+ 6. bxc3 b6 7. Qg4 Ng6 8. f4
Ba6 9. Bxa6 Nxa6 10. Qf3 Nb8 11. Ne2 Nc6 12. O-O Qd7 13. Ng3 Nce7 14. Nh5 O-O-O
15. a4 a5 16. Qd3 Kb7 17. Nxg7 h5 18. f5 exf5 19. Nxf5 Nxf5 20. Qxf5 Qc6 21. Bd2
h4 22. h3 Rdf8 23. Qf6 Qd7 24. Qf5 Qc6 25. Qd3 Rhg8 26. Rf6 Qd7 27. Qf3 Ne7 28.
e6 Qd8 29. Bh6 Rg3 30. Qf2 Ng8 31. Rxf7 Re8 32. Bf4 Rxc3 33. Re1 Rc6 34. Qf3
Rxc2 35. Rd7 Qc8 36. Qxd5+ Ka7 37. Qb3 Rc6 38. Qb5 Rc2 39. Bxc7 Rxc7 40. Rxc7+
Qxc7 41. Qxe8 Qg3 42. Qf7+ Ka6 43. Qf1+ 1-0

[Event "44th Ghent Open 2023"]
[Site "Ghent BEL"]
[Date "2023.07.13"]
[Round "3.1"]
[White "Pijpers, Arthur"]
[Black "Fernandez, Daniel Howard"]
[Result "1/2-1/2"]
[WhiteTitle "IM"]
[BlackTitle "GM"]
[WhiteElo "2465"]
[BlackElo "2518"]
[WhiteFideId "1019554"]
[BlackFideId "5801605"]
[EventDate "2023.07.11"]

1. e4 c5 2. Nc3 Nc6 3. Nge2 e6 4. d4 d5 5. exd5 exd5 6. dxc5 d4 7. Ne4 Nf6 8.
Bg5 Be7 9. Bxf6 Bxf6 10. Qd2 O-O 11. Nxf6+ Qxf6 12. O-O-O Rd8 13. Nf4 Qe7 14.
Nd3 Bf5 15. Re1 Qf8 16. a3 Re8 17. Be2 a5 18. Qf4 g6 19. h4 Bxd3 20. Bxd3 Qxc5
21. Qc7 b6 22. h5 Ne5 23. Qxc5 Nxd3+ 24. cxd3 bxc5 25. hxg6 fxg6 26. Kd2 h5 27.
Rxe8+ Rxe8 28. Rc1 Rb8 29. Rxc5 Rxb2+ 30. Ke1 Rb3 31. Rxa5 Rxd3 32. Ke2 Rb3 33.
Rd5 Rxa3 34. Rxd4 Kf7 35. Rd6 Kg7 36. g3 Kf7 37. Kf1 Kg7 38. Kg2 Ra2 39. Rc6 Kf7
40. Rd6 Kg7 41. Rc6 1/2-1/2

[Event "44th Ghent Open 2023"]
[Site "Ghent BEL"]
[Date "2023.07.13"]
[Round "3.2"]
[White "Hausrath, Daniel"]
[Black "Maerevoet, Sim"]
[Result "1/2-1/2"]
[WhiteTitle "GM"]
[BlackTitle "FM"]
[WhiteElo "2442"]
[BlackElo "2414"]
[WhiteFideId "4617495"]
[BlackFideId "241725"]
[EventDate "2023.07.11"]

1. c4 e6 2. Nf3 d5 3. e3 Nf6 4. Nc3 dxc4 5. Bxc4 a6 6. a4 c5 7. O-O Nc6 8. d4
Be7 9. dxc5 Qxd1 10. Rxd1 Bxc5 11. h3 b6 12. e4 Bb7 13. e5 Nd7 14. Bf4 Ne7 15.
Ng5 Ng6 16. Bg3 Ndxe5 17. Ba2 Ke7 18. Nge4 Rhd8 19. Nxc5 bxc5 20. f3 Rxd1+ 21.
Rxd1 Rd8 22. Rxd8 Kxd8 23. Bb1 f5 24. h4 h5 25. Ne2 Bd5 26. Bf2 c4 27. Bd4 Kd7
28. Ng3 Kd6 29. Nxh5 Nxh4 30. Bxe5+ Kxe5 31. Nxg7 a5 32. Kf2 f4 33. Bc2 Bc6 34.
Bd1 Bd7 35. Bc2 Bc6 36. Bd1 Nf5 37. Nxf5 Kxf5 38. b3 cxb3 39. Bxb3 Ke5 40. g3
fxg3+ 41. Kxg3 Bd7 42. f4+ Ke4 43. Kf2 Kd3 44. Ba2 Kc3 45. Ke3 Kb4 46. Kd2 Kxa4 1/2-1/2

[Event "44th Ghent Open 2023"]
[Site "Ghent BEL"]
[Date "2023.07.13"]
[Round "3.3"]
[White "Laurent-Paoli, Pierre"]
[Black "De Waele, Warre"]
[Result "1/2-1/2"]
[WhiteTitle "IM"]
[BlackTitle "FM"]
[WhiteElo "2531"]
[BlackElo "2350"]
[WhiteFideId "26017962"]
[BlackFideId "241156"]
[EventDate "2023.07.11"]

1. d4 Nf6 2. c4 e6 3. Nf3 d5 4. Nc3 Bb4 5. cxd5 exd5 6. Bf4 O-O 7. e3 c5 8. Bd3
c4 9. Bb1 Qa5 10. Qc1 Re8 11. O-O Nc6 12. h3 Ne7 13. Be5 Bxc3 14. bxc3 Ne4 15.
Bxe4 dxe4 16. Nd2 Ng6 17. Nxc4 Qa6 18. Nd6 Nxe5 19. dxe5 Rxe5 20. Rd1 Be6 21. c4
Qc6 22. Rd4 h6 23. Qb2 b6 24. Rad1 a6 25. Nc8 Qc7 26. Nxb6 Rb8 27. Rd6 Rg5 28.
h4 Rc5 29. Qb1 Bf5 30. a4 a5 31. Qb2 Be6 32. Qb1 Bf5 33. Qb2 Be6 34. Qb1 1/2-1/2

[Event "44th Ghent Open 2023"]
[Site "Ghent BEL"]
[Date "2023.07.13"]
[Round "3.4"]
[White "Csonka, Balazs"]
[Black "Ruzhansky, Elias"]
[Result "1-0"]
[WhiteTitle "IM"]
[WhiteElo "2497"]
[BlackElo "2209"]
[WhiteFideId "742910"]
[BlackFideId "472824"]
[EventDate "2023.07.11"]

1. c4 e6 2. g3 d5 3. Bg2 Nf6 4. Nf3 dxc4 5. Qa4+ Nbd7 6. Qxc4 a6 7. Qc2 Rb8 8.
d4 b5 9. Bd2 Bb7 10. Ba5 Nb6 11. Nbd2 Rc8 12. b4 Nbd5 13. a3 Ne7 14. O-O Nc6 15.
Nb3 Nxa5 16. Nxa5 Be4 17. Qc3 Qd5 18. Ne1 Bxg2 19. Nxg2 Bd6 20. Nc6 Ne4 21. Qc2
Bc5 22. Na5 Bd6 23. f3 Nf6 24. Rad1 Be7 25. e4 Qd7 26. Nc6 O-O 27. Rd3 Ne8 28.
e5 g6 29. d5 g5 30. Ne3 Ng7 31. Rfd1 f5 32. dxe6 Qxe6 33. Nd5 Bd8 34. Nxd8 Rcxd8
35. Nf6+ Rxf6 36. Rxd8+ Rf8 37. Rxf8+ Kxf8 38. Qxc7 1-0

[Event "44th Ghent Open 2023"]
[Site "Ghent BEL"]
[Date "2023.07.13"]
[Round "3.5"]
[White "Gormally, Daniel W"]
[Black "Dgebuadze, Alexandre"]
[Result "1/2-1/2"]
[WhiteTitle "GM"]
[BlackTitle "GM"]
[WhiteElo "2432"]
[BlackElo "2433"]
[WhiteFideId "406465"]
[BlackFideId "203882"]
[EventDate "2023.07.11"]

1. e4 e6 2. d4 d5 3. Nd2 Nf6 4. e5 Nfd7 5. Ngf3 c5 6. c3 Nc6 7. Bd3 g6 8. O-O
Bg7 9. Re1 O-O 10. Bb5 Qb6 11. Bxc6 bxc6 12. b4 cxd4 13. cxd4 f6 14. exf6 Nxf6
15. h3 Nh5 16. Nb3 Qxb4 17. Ne5 Qe7 18. Be3 Nf4 19. Qg4 Bxe5 20. dxe5 Nd3 21.
Bg5 Qb4 22. Qxb4 Nxb4 23. Rec1 Nd3 24. Rxc6 Nxe5 25. Rc7 Rf7 26. Rac1 Nc4 27.
Rc5 Bd7 28. Nd2 Nd6 29. Nf3 Ne4 30. Rc7 Nxg5 31. Nxg5 Rg7 32. f4 h6 33. Nf3 Be8
34. Nd4 Rxc7 35. Rxc7 Bf7 36. Nc6 g5 37. Ne5 Rf8 38. fxg5 hxg5 39. Rxa7 Be8 40.
Re7 Ba4 41. Rxe6 Bc2 42. Nf3 g4 43. hxg4 Be4 44. Ng5 Ra8 45. Nxe4 dxe4 46. Rxe4
Rxa2 47. Kh2 Kf7 48. Kg3 Kg6 49. Re6+ Kg5 50. Re5+ Kg6 51. Rb5 Rc2 52. Kh4 Rxg2
53. Rb6+ Kg7 54. Kh5 Ra2 55. Rb7+ Kg8 56. g5 Ra6 57. Re7 1/2-1/2

[Event "44th Ghent Open 2023"]
[Site "Ghent BEL"]
[Date "2023.07.13"]
[Round "3.6"]
[White "Van der Stricht, Geert"]
[Black "Grooten, Herman"]
[Result "1-0"]
[WhiteTitle "IM"]
[BlackTitle "IM"]
[WhiteElo "2329"]
[BlackElo "2241"]
[WhiteFideId "201324"]
[BlackFideId "1000330"]
[EventDate "2023.07.11"]

1. d4 Nf6 2. c4 c5 3. d5 b5 4. cxb5 a6 5. bxa6 g6 6. Nc3 Bg7 7. g3 d6 8. Bg2 O-O
9. Nf3 Nbd7 10. O-O Nb6 11. e4 Bxa6 12. Re1 Nfd7 13. Bf1 Nc4 14. Bxc4 Bxc4 15.
Qc2 Qa5 16. Bf4 Bxc3 17. bxc3 f6 18. a4 Rfb8 19. Nd2 Qa6 20. a5 Bd3 21. Qd1 c4
22. Be3 Qc8 23. Qg4 Nc5 24. Qxc8+ Rxc8 25. Bxc5 Rxc5 26. a6 Ra7 27. f3 Rb5 28.
Ra2 Kf7 29. Kf2 e6 30. dxe6+ Kxe6 31. Rea1 d5 32. Ra5 Rb2 33. exd5+ Kd6 34. Ke3
f5 35. R1a2 Rxa2 36. Rxa2 Kxd5 37. Ra5+ Kc6 38. Kd4 Rd7+ 39. Ke5 Ra7 40. Ra2 Kb6
41. Kd6 Rxa6 42. Rxa6+ Kxa6 43. Kc5 Be2 44. f4 Ka5 45. Nxc4+ Ka4 46. Ne5 Kb3 47.
Kd4 Kc2 48. Nd7 Bb5 49. Nf8 Kd2 50. Nxh7 Ke2 51. c4 Be8 52. Nf6 Ba4 53. Nd5 Kf3
54. Ne7 Kg2 55. Ke3 Kxh2 56. Kf2 Kh3 57. Nxg6 1-0

[Event "44th Ghent Open 2023"]
[Site "Ghent BEL"]
[Date "2023.07.13"]
[Round "3.7"]
[White "Miedema, David"]
[Black "Dauw, Sterre"]
[Result "1/2-1/2"]
[WhiteTitle "IM"]
[BlackTitle "FM"]
[WhiteElo "2375"]
[BlackElo "2244"]
[WhiteFideId "1018477"]
[BlackFideId "248886"]
[EventDate "2023.07.11"]

1. d4 Nf6 2. c4 g6 3. f3 Bg7 4. e4 d6 5. Nc3 a6 6. Be3 c6 7. Bd3 Nbd7 8. Nge2 c5
9. Qd2 O-O 10. O-O e6 11. Rfd1 b6 12. Rab1 Bb7 13. a4 Qc7 14. b3 Rfe8 15. d5
exd5 16. cxd5 Ne5 17. Bc4 Bc8 18. Ng3 h5 19. Be2 h4 20. Nh1 Nh5 21. Bg5 h3 22.
g4 Nf6 23. Nf2 Rb8 24. Nxh3 b5 25. axb5 axb5 26. Nf2 Qa5 27. b4 cxb4 28. Na2 Qa3
29. Kg2 b3 30. Nc1 Nc4 31. Rxb3 Qxb3 32. Nxb3 Nxd2 33. Rxd2 Bd7 34. Bf4 Rb6 35.
Ra2 Rc8 36. Ra7 Be8 37. Na5 Nd7 38. Nc6 Bf8 39. Nd3 Nb8 40. Ncb4 Nd7 41. Ne1 Nc5
42. Nec2 Bg7 43. Be3 Rbb8 44. Bf4 Be5 45. Bxe5 dxe5 46. Re7 Kf8 47. Rxe5 f6 48.
Rxe8+ Kxe8 49. Nd4 Kf8 50. h4 Rb6 51. g5 Na6 52. Nxa6 Rxa6 53. Bxb5 Ra2+ 54. Kg3
Rd2 55. Ne6+ Ke7 56. Nf4 Rg8 57. Bc4 fxg5 58. hxg5 Kd6 59. Nd3 Re8 60. Kf4 Re2
61. Bb5 Rf8+ 62. Kg3 Re3 63. Nf4 Rxf3+ 64. Kxf3 Ke5 65. Be8 Rxf4+ 66. Kg3 Rxe4
67. Bxg6 Rd4 68. Bf7 Kf5 69. g6 Rxd5 70. Bxd5 Kxg6 1/2-1/2

[Event "44th Ghent Open 2023"]
[Site "Ghent BEL"]
[Date "2023.07.14"]
[Round "4.1"]
[White "Fernandez, Daniel Howard"]
[Black "Hausrath, Daniel"]
[Result "0-1"]
[WhiteTitle "GM"]
[BlackTitle "GM"]
[WhiteElo "2518"]
[BlackElo "2442"]
[WhiteFideId "5801605"]
[BlackFideId "4617495"]
[EventDate "2023.07.11"]

1. e4 c5 2. h4 Nc6 3. Bb5 Nf6 4. Bxc6 dxc6 5. d3 e5 6. a4 c4 7. f3 cxd3 8. Qxd3
Qxd3 9. cxd3 Be6 10. h5 Nd7 11. Be3 Nc5 12. Bxc5 Bxc5 13. Nh3 f6 14. Ke2 O-O-O
15. Nd2 Bd4 16. Rab1 Ba2 17. Rbc1 Bf7 18. b4 Kb8 19. g4 Rd7 20. Rc2 Rhd8 21. Rb1
a6 22. Nb3 Ba7 23. Rc3 Rd6 24. a5 g6 25. hxg6 hxg6 26. g5 Rh8 27. Rh1 fxg5 28.
Nf2 Rxh1 29. Nxh1 Kc7 30. Nf2 Bd4 31. Nxd4 Rxd4 32. Rc1 Rxb4 33. Rh1 Be6 34. Rh6
Rb5 35. Rxg6 Bd7 36. Rxg5 Rxa5 37. Ke3 Rb5 38. Ng4 Kd6 39. Nf6 Ke6 40. Nxd7 Kxd7
41. Rg7+ Ke6 42. f4 exf4+ 43. Kxf4 a5 44. Rg8 Rb3 45. d4 a4 46. Re8+ Kd7 47. Ra8
a3 48. e5 b5 49. Kf5 Rf3+ 50. Ke4 Rh3 51. Kf5 Kc7 52. e6 Re3 53. Kf6 Kb7 54. Ra5
Kb6 55. Ra8 Kb7 56. Ra5 Kb6 57. Ra8 b4 58. Rb8+ Ka5 59. e7 Ka4 60. Ra8+ Kb3 61.
Ra5 a2 62. Re5 Rf3+ 63. Ke6 a1=Q 64. e8=Q Qxd4 65. Qg6 Qd3 66. Qg1 Rf1 67. Qg5
Qc4+ 68. Kd6 Qd4+ 69. Kxc6 Rf3 70. Kb5 Qc4+ 71. Ka5 Rc3 72. Re3 Ka2 73. Re1 Ra3+ 0-1